Estudio para la obtención de energía por medio de la electrólisis del agua como medio de almacenamiento de energía: segunda parte conversión de la energía por medio de pilas de combustible
Guardado en:
| Autor principal: | |
|---|---|
| Otros Autores: | , |
| Formato: | Libro |
| Publicado: |
[San José , Costa Rica]
1975
|
| Etiquetas: |
Agregar Etiqueta
Sin Etiquetas, Sea el primero en etiquetar este registro!
|
MARC
| LEADER | 00000nam a2200000Ia 4500 | ||
|---|---|---|---|
| 003 | PIE028 | ||
| 005 | 20231114101848.0 | ||
| 008 | 140116s1975 c a m 000 ||s d | ||
| 040 | |c cru CEDI | ||
| 090 | |a PIE-28 | ||
| 100 | |a Carboni Alvarez, Carlos E |9 17885 | ||
| 245 | |a Estudio para la obtención de energía por medio de la electrólisis del agua como medio de almacenamiento de energía: segunda parte conversión de la energía por medio de pilas de combustible | ||
| 260 | |a [San José , Costa Rica] |c 1975 | ||
| 300 | |a 56 hojas :ilustraciones | ||
| 500 | |a A la Cabeza de la portada. Universidad de Costa Rica. Facultad de Ingeniería. Escuela de Ingeniería Eléctrica. Laboratorio Proyecto Eléctrico | ||
| 501 | |a Profesores Guía: Ing. Víctor Hugo Chacón P. Ing. José Miguel Páez J. | ||
| 700 | |a Chacón Prendas, Víctor Hugo, 1950- |d Director de Proyecto Eléctrico |9 1745 | ||
| 700 | |a Páez Jiménez, José Miguel, 1951- |d Director de Proyecto Eléctrico |9 733 | ||
| 942 | |c PIE |h PIE-28 |i PIE028 |6 PIE_28_PIE028 | ||
| 999 | |c 21585 |d 21585 | ||
